000 00263nam a2200109Ia 4500
005 20251222155151.0
008 251222s9999||||xx |||||||||||||| ||spa||
082 _aEPI.35
245 0 _aPlan estratégico multisectorial 2007 - 2001
264 _bMinsa
942 _cLIB
999 _c39570
_d39570